000 00964nam a22002177a 4500
999 _c11477
_d11477
003 AR-CdUCM
008 190404b ||||| |||| 00| 0 spa d
040 _aMUNICIPALIDAD PROVINCIAL DEL CUSCO
_cBIBLIOTECA MUNICIPAL DEL CUSCO
082 _a332.401 /
_bR66 / 1945
100 _aRist, Charles
_915987
245 _aHistoria de las doctrinas relativas al crédito y a la moneda :
_bDesde John Law hasta la actualidad /
260 _aBarcelona :
_bBosch,
_c1945.
300 _a498 páginas ;
_c23 cm.
505 _aContenido : Confusión del crédito y de la moneda en la economía política del siglo XVIII -- La acción de los metales preciosos sobre el nivel de los precios y sobre el tipo de interés según las doctrinas del siglo XVIII -- Thornton, Ricardo y el "Bullion Report" ...
650 _aEconomía
_9382
650 _aHistoria
_9136
650 _aMoneda
_95487
700 _aSchop Santos, Ernesto.
_915989
942 _2ddc
_cLIBROS
945 _arah